Bible General Knowledge #3 - Statistics

General Stats
  • This quiz has been taken 52 times
  • The average score is 11 of 20
Answer Stats
Hint Answer % Correct
What is the second book of the Bible? Exodus
91%
Who was the first son of Adam and Eve? Cain
89%
Who is credited for writing the most books of the Bible? Paul
85%
To what country did Jesus' family flee to to escape Kind Herod? Egypt
81%
What is the only 3-letter Book of the Bible? Job
79%
Which of Jesus' disciples doubted his resurrection? Thomas
79%
Fill the blank: For God so loved the _____ World
72%
What is commonly considered the first miracle Jesus performed? Turning water into wine
68%
In what modern-day country was 'Asia Minor'? Turkey
60%
Who was the mother of John the Baptist? Elizabeth
55%
On what mountain did Noah's Ark land on? Mount Ararat
55%
In the Catholic church, who elects the Pope? College of Cardinals
53%
What word is often confused with grace, but means 'to withhold a punishment that we deserve'? Mercy
51%
How many years of silence were there between the two Testaments? 400
47%
Who was Joseph's youngest brother? Benjamin
40%
Who was the fourth person standing in the fiery furnace? an Angel
34%
What was the first of the 4 Empires to conquer Israel and Judah? Babylon
32%
What country did Gladys Aylward, Hudson Taylor and Lottie Moon help evangalise? China
28%
Other than Jeremiah, what other Book of the Bible was written by Jeremiah? Lamentations
26%
What is the most well-known creed? the Nicene Creed
23%
No matching quizzes found
Score Distribution
Percent of People with Each Score
Percentile by Number Answered
Your Score History
You have not taken this quiz